| 000 | 00593nam a2200241 a 4500 | ||
|---|---|---|---|
| 001 | 0001-1104 | ||
| 003 | ELIB.Books | ||
| 008 | 150122 2010 eng | ||
| 020 | _a574273C945 | ||
| 035 | _a(ELIB.Books)0001-1259 | ||
| 092 |
_a230 _bEll |
||
| 100 | _aEllul, Jacques. | ||
| 245 | _aThe Presence of the Kingdom | ||
| 260 |
_aNew York _bThe Sebury Press _c19676 |
||
| 300 |
_a153 _c20.2 Cm |
||
| 500 | _aLibrary | ||
| 650 | _aTheology | ||
| 856 |
_nKBTS; Library _uKBTS; Elib. |
||
| 942 |
_2ddc _cBK |
||
| 990 | _a1 | ||
| 998 |
_cbat _e2015-01-22 |
||
| 999 |
_c11104 _d11104 |
||